[Event "Pozarevac Rudar 4th"]
[Site "Pozarevac"]
[Date "2022.08.20"]
[Round "9"]
[White "Milanovic, Slavisa"]
[Black "Panic, Nenad"]
[Result "1/2-1/2"]
[WhiteElo "2307"]
[BlackElo "2301"]
[PlyCount "21"]
[EventDate "2022.08.13"]
[EventType "tourn"]
[EventRounds "9"]
[EventCountry "SRB"]
[SourceTitle "CBM 209 Extra"]
[Source "ChessBase"]
[SourceDate "2022.09.30"]
[SourceVersion "1"]
[SourceVersionDate "2022.09.30"]
[SourceQuality "1"]

1. d4 g6 2. c4 Bg7 3. e4 d6 4. Nc3 Nf6 5. f3 0-0 6. Be3 e5 7. Nge2 exd4 8. Nxd4 c6 9. Be2 a5 10. 0-0 Na6 11. Qd2 1/2-1/2

[Event "Pozarevac Rudar 4th"]
[Site "Pozarevac"]
[Date "2022.08.18"]
[Round "7"]
[White "Ivanov, Mikhail M"]
[Black "Panic, Nenad"]
[Result "1/2-1/2"]
[WhiteElo "2329"]
[BlackElo "2301"]
[PlyCount "119"]
[EventDate "2022.08.13"]
[EventType "tourn"]
[EventRounds "9"]
[EventCountry "SRB"]
[SourceTitle "CBM 209 Extra"]
[Source "ChessBase"]
[SourceDate "2022.09.30"]
[SourceVersion "1"]
[SourceVersionDate "2022.09.30"]
[SourceQuality "1"]

1. Nf3 Nf6 2. c4 c5 3. g3 b6 4. Bg2 Bb7 5. 0-0 e6 6. Nc3 Be7 7. d4 cxd4 8. Qxd4 Na6 9. Nb5 d5 10. Ne5 0-0 11. Bf4 Nc5 12. b4 Nce4 13. Qb2 a6 14. Nd4 Rc8 15. Rad1 Qe8 16. cxd5 Bxd5 17. Rc1 Qa4 18. a3 a5 19. f3 Nd6 20. e4 Nc4 21. Qe2 Nxe5 22. exd5 Ng6 23. dxe6 Nxf4 24. gxf4 Rxc1 25. Rxc1 Qxa3 26. exf7+ Rxf7 27. Rc8+ Bf8 28. Nc6 Nd5 29. bxa5 bxa5 30. Bf1 a4 31. Qe4 Qe3+ 32. Kh1 Qxe4 33. fxe4 Nb6 34. Rb8 Rxf4 35. Bh3 Rxe4 36. Rxb6 a3 37. Ra6 g6 38. Bf1 Bc5 39. Kg2 Kg7 40. Kf3 Re3+ 41. Kf4 Re1 42. Bc4 Bd6+ 43. Kf3 Rc1 44. Ra7+ Kh6 45. Bd5 Rf1+ 46. Kg2 Rd1 47. Bg8 Rd2+ 48. Kf3 Rxh2 49. Rxh7+ Kg5 50. Rxh2 Bxh2 51. Nd4 Bd6 52. Nb5 Bf8 53. Nc3 Kf6 54. Ke4 Kg5 55. Bc4 Bb4 56. Nd5 Bd6 57. Nc3 Bb4 58. Ne2 Kf6 59. Nf4 Bf8 60. Bf1 1/2-1/2

[Event "Pozarevac Rudar 4th"]
[Site "Pozarevac"]
[Date "2022.08.16"]
[Round "5"]
[White "Lu, Miaoyi"]
[Black "Panic, Nenad"]
[Result "0-1"]
[WhiteElo "2225"]
[BlackElo "2301"]
[PlyCount "104"]
[EventDate "2022.08.13"]
[EventType "tourn"]
[EventRounds "9"]
[EventCountry "SRB"]
[SourceTitle "CBM 209 Extra"]
[Source "ChessBase"]
[SourceDate "2022.09.30"]
[SourceVersion "1"]
[SourceVersionDate "2022.09.30"]
[SourceQuality "1"]

1. e4 g6 2. d4 Bg7 3. Nc3 d6 4. Be3 c6 5. Qd2 Nd7 6. Nf3 b5 7. Bd3 Bb7 8. h4 h5 9. Ng5 Ngf6 10. f3 a6 11. a4 Qc7 12. Ne2 c5 13. c4 bxa4 14. e5 dxe5 15. d5 0-0 16. g4 hxg4 17. h5 gxf3 18. hxg6 e4 19. gxf7+ Rxf7 20. Nxf7 Kxf7 21. Nf4 exd3 22. Rg1 Qe5 23. Qxd3 Qe4 24. Qxe4 Nxe4 25. 0-0-0 Rh8 26. Ne6 Bf6 27. Rg4 Rh4 28. Nd8+ Kf8 29. Rxh4 Bxh4 30. Nxb7 f2 31. Kc2 Ne5 32. Nxc5 Nd6 33. Ne6+ Ke8 34. c5 Nf5 35. Bf4 Nc4 36. Rh1 Nce3+ 37. Kd3 f1Q+ 38. Rxf1 Nxf1 39. c6 Bg3 40. Bc1 Bd6 41. Ke4 N1g3+ 42. Kf3 Nh5 43. Kg4 Nfg7 44. Nxg7+ Nxg7 45. Kf3 Kd8 46. Ke4 Kc7 47. Bh6 Ne8 48. Kf5 Kb6 49. Be3+ Kb5 50. Ba7 Kc4 51. Ke6 Nc7+ 52. Kd7 Nxd5 0-1

[Event "Pozarevac Rudar 4th"]
[Site "Pozarevac"]
[Date "2022.08.16"]
[Round "4"]
[White "Panic, Nenad"]
[Black "Kovacevic, Dragoljub"]
[Result "0-1"]
[WhiteElo "2301"]
[BlackElo "2104"]
[PlyCount "31"]
[EventDate "2022.08.13"]
[EventType "tourn"]
[EventRounds "9"]
[EventCountry "SRB"]
[SourceTitle "CBM 209 Extra"]
[Source "ChessBase"]
[SourceDate "2022.09.30"]
[SourceVersion "1"]
[SourceVersionDate "2022.09.30"]
[SourceQuality "1"]

1. d4 f5 2. g4 d5 3. Qd3 e5 4. dxe5 fxg4 5. Bg2 Ne7 6. Bg5 Nbc6 7. f4 Bf5 8. Qb5 a6 9. Qxb7 Rb8 10. Bxe7 Nxe7 11. Qxa6 Ng6 12. Nc3 Rxb2 13. Nxd5 Rxc2 14. h4 Nxh4 15. Be4 Bb4+ 16. Nxb4 0-1

[Event "Arandjelovac ASK-09 IM"]
[Site "Arandjelovac"]
[Date "2022.03.18"]
[Round "7"]
[White "Panic, Nenad"]
[Black "Andreev, Konstantin"]
[Result "1/2-1/2"]
[WhiteElo "2309"]
[BlackElo "2186"]
[PlyCount "120"]
[EventDate "2022.03.14"]
[EventType "tourn"]
[EventRounds "9"]
[EventCountry "SRB"]
[SourceTitle "CBM 207 Extra"]
[Source "ChessBase"]
[SourceDate "2022.05.31"]
[SourceVersion "1"]
[SourceVersionDate "2022.05.31"]
[SourceQuality "1"]

1. Nf3 d5 2. e3 Nf6 3. c4 e6 4. b3 Be7 5. Be2 c5 6. Bb2 0-0 7. 0-0 b6 8. cxd5 Nxd5 9. a3 Bb7 10. d3 Nc6 11. Nbd2 Rc8 12. Qc2 f6 13. Rac1 Qd7 14. Qb1 Rfd8 15. Bd1 Qe8 16. Re1 Qg6 17. Bc2 Qh6 18. Ne4 Rd7 19. Rcd1 Rf8 20. Ng3 f5 21. d4 cxd4 22. e4 fxe4 23. Bxe4 Nf4 24. Nxd4 Nxd4 25. Rxd4 Rxd4 26. Bxd4 Bxe4 27. Qxe4 Bxa3 28. Ra1 Bc5 29. Bxc5 bxc5 30. Rxa7 Qf6 31. Qe3 Qd4 32. h3 Rb8 33. Ne4 Qxe3 34. fxe3 Nd3 35. Rc7 h6 36. Nd2 Nc1 37. b4 Rxb4 38. Rxc5 Nb3 39. Rc8+ Kf7 40. Nc4 Kf6 41. Rc7 Rb8 42. Kf2 Rd8 43. e4 Nc1 44. e5+ Kg6 45. Rc6 Nd3+ 46. Ke3 Ne1 47. Kf2 Nd3+ 48. Ke3 Ne1 49. Rxe6+ Kf7 50. Rc6 Nxg2+ 51. Ke4 Rd1 52. Nd6+ Ke7 53. Nf5+ Kd7 54. Ra6 Re1+ 55. Kd4 Rd1+ 56. Ke4 Re1+ 57. Kf3 Rf1+ 58. Ke4 Re1+ 59. Kd4 Rd1+ 60. Kc3 Nf4 1/2-1/2

[Event "Arandjelovac ASK-09 IM"]
[Site "Arandjelovac"]
[Date "2022.03.16"]
[Round "4"]
[White "Acor, Corey B"]
[Black "Panic, Nenad"]
[Result "1-0"]
[WhiteElo "2326"]
[BlackElo "2309"]
[PlyCount "65"]
[EventDate "2022.03.14"]
[EventType "tourn"]
[EventRounds "9"]
[EventCountry "SRB"]
[SourceTitle "CBM 207 Extra"]
[Source "ChessBase"]
[SourceDate "2022.05.31"]
[SourceVersion "1"]
[SourceVersionDate "2022.05.31"]
[SourceQuality "1"]

1. e4 g6 2. Nc3 Bg7 3. g3 c5 4. Bg2 Nc6 5. d3 Rb8 6. Be3 b5 7. a3 d6 8. Nge2 a5 9. d4 b4 10. axb4 axb4 11. Na4 cxd4 12. Nxd4 Bd7 13. 0-0 Nf6 14. Nxc6 Bxc6 15. e5 Bxg2 16. exf6 Bxf1 17. fxg7 Rg8 18. Qxf1 Rxg7 19. Qa6 f5 20. Ba7 Qc8 21. Qe2 Rb7 22. Bd4 e5 23. f4 Rge7 24. fxe5 dxe5 25. Bf2 Qc6 26. Nc5 Qb5 27. Ra8+ Kf7 28. Qd2 Rb8 29. Qd5+ Kg7 30. Ra5 Qe8 31. Ra6 Qb5 32. Ne6+ Kh8 33. Qxb5 1-0

[Event "Arandjelovac ASK-09 IM"]
[Site "Arandjelovac"]
[Date "2022.03.15"]
[Round "3"]
[White "Panic, Nenad"]
[Black "Lu, Miaoyi"]
[Result "1-0"]
[WhiteElo "2309"]
[BlackElo "2219"]
[PlyCount "87"]
[EventDate "2022.03.14"]
[EventType "tourn"]
[EventRounds "9"]
[EventCountry "SRB"]
[SourceTitle "CBM 207 Extra"]
[Source "ChessBase"]
[SourceDate "2022.05.31"]
[SourceVersion "1"]
[SourceVersionDate "2022.05.31"]
[SourceQuality "1"]

1. Nf3 d5 2. e3 c5 3. c4 d4 4. exd4 cxd4 5. d3 Nc6 6. g3 e5 7. Bg2 Bb4+ 8. Nbd2 a5 9. 0-0 Nf6 10. Re1 Nd7 11. Nxe5 Ncxe5 12. f4 0-0 13. fxe5 Nc5 14. a3 Bxd2 15. Bxd2 Bf5 16. Bf1 b6 17. b4 axb4 18. Qf3 Bg6 19. axb4 Rxa1 20. Rxa1 Nb3 21. Ra2 Nxd2 22. Rxd2 Qe7 23. Qe2 Qxb4 24. Rb2 Qc5 25. Rb5 Qc7 26. Qa2 h6 27. Qb2 Rd8 28. Qf2 Qe7 29. Qf4 Qe6 30. Qh4 Rd7 31. Qf4 Rd8 32. h4 h5 33. Kh2 Kh7 34. Bh3 Qc6 35. Bg2 Qc7 36. Be4 Bxe4 37. Qxe4+ g6 38. Rd5 Ra8 39. e6 Ra2+ 40. Kh3 Qc8 41. Rd7 Rf2 42. Qxd4 Qc6 43. Qd5 Qxd5 44. cxd5 1-0

[Event "Arandjelovac ASK-4 GM"]
[Site "Arandjelovac"]
[Date "2021.11.19"]
[Round "5"]
[White "Panic, Nenad"]
[Black "Lajthajm, Borko"]
[Result "0-1"]
[WhiteElo "2326"]
[BlackElo "2361"]
[PlyCount "158"]
[EventDate "2021.11.16"]
[EventType "tourn"]
[EventRounds "9"]
[EventCountry "SRB"]
[EventCategory "6"]
[SourceTitle "CBM 205 Extra"]
[Source "ChessBase"]
[SourceDate "2022.01.31"]
[SourceVersion "1"]
[SourceVersionDate "2022.01.31"]
[SourceQuality "1"]

1. d4 Nf6 2. Nf3 b6 3. Bf4 Bb7 4. e3 Nh5 5. Bg5 h6 6. Bh4 g5 7. Nfd2 Nf6 8. Bg3 d6 9. Nc3 Bg7 10. f3 c5 11. h4 cxd4 12. exd4 Nc6 13. hxg5 hxg5 14. Rxh8+ Bxh8 15. Nb3 Nh5 16. Bf2 d5 17. Qd3 Nf6 18. Qd2 g4 19. Qh6 Kd7 20. Bh4 Qg8 21. Qf4 Nb4 22. Bg3 Rc8 23. 0-0-0 Qg6 24. Qd2 gxf3 25. Be5 Rxc3 26. bxc3 Ne4 27. Qe3 Nxc3 28. Rd2 Bxe5 29. dxe5 Ne4 30. gxf3 Nxd2 31. Bb5+ Bc6 32. Qxd2 Qg1+ 33. Kb2 Bxb5 34. Qxb4 Bc4 35. Qa4+ b5 36. Qa6 Bxb3 37. Kxb3 Qc5 38. f4 Qc4+ 39. Kb2 Qb4+ 40. Ka1 Qxf4 41. e6+ fxe6 42. Qxb5+ Kd8 43. Kb1 Qd6 44. Kc1 Qb6 45. Qf1 Qd4 46. Qa6 Qe3+ 47. Kd1 Qb6 48. Qa3 e5 49. Ke2 Kd7 50. Qa4+ Kd6 51. Qa3+ Qc5 52. Qa6+ Kc7 53. Kd2 e4 54. Qe6 Qd6 55. Qf7 d4 56. Qc4+ Kb6 57. a4 a6 58. Kd1 Ka5 59. Qb3 e3 60. Ke2 Qc5 61. Kf3 Qc6+ 62. Kg3 Qc3 63. Qd5+ Kxa4 64. Qa2+ Kb4 65. Kf3 a5 66. Qe6 e2+ 67. Kxe2 Qc4+ 68. Qxc4+ Kxc4 69. Kd2 e5 70. Kc1 Kc3 71. Kb1 e4 72. Ka2 Kxc2 73. Ka3 d3 74. Ka4 d2 75. Kxa5 d1Q 76. Kb4 Qd5 77. Ka4 Qb7 78. Ka5 Kc3 79. Ka4 Qb4# 0-1

[Event "Arandjelovac ASK-4 GM"]
[Site "Arandjelovac"]
[Date "2021.11.18"]
[Round "4"]
[White "Stojanovic, Dalibor"]
[Black "Panic, Nenad"]
[Result "1-0"]
[WhiteElo "2485"]
[BlackElo "2326"]
[PlyCount "61"]
[EventDate "2021.11.16"]
[EventType "tourn"]
[EventRounds "9"]
[EventCountry "SRB"]
[EventCategory "6"]
[SourceTitle "CBM 205 Extra"]
[Source "ChessBase"]
[SourceDate "2022.01.31"]
[SourceVersion "1"]
[SourceVersionDate "2022.01.31"]
[SourceQuality "1"]

1. e4 g6 2. d4 Bg7 3. Nc3 d6 4. Nf3 Nf6 5. Be3 c6 6. Qd2 b5 7. Bd3 Ng4 8. Bg5 h6 9. Bh4 0-0 10. 0-0 Qc7 11. h3 Nf6 12. e5 b4 13. Ne4 Nxe4 14. Bxe4 d5 15. Bd3 c5 16. c3 c4 17. Bc2 bxc3 18. bxc3 Nc6 19. Nh2 Rb8 20. f4 e6 21. Ng4 Qa5 22. Bf6 h5 23. f5 hxg4 24. Bxg7 Kxg7 25. f6+ Kh7 26. hxg4 Nxd4 27. Kf2 Nxc2 28. Rh1+ Kg8 29. Rh8+ Kxh8 30. Qh6+ Kg8 31. Qg7# 1-0

[Event "Belgrade-chT Quality"]
[Site "Belgrade"]
[Date "2021.11.07"]
[Round "8.1"]
[White "Panic, Nenad"]
[Black "Lajthajm, Borko"]
[Result "1/2-1/2"]
[WhiteElo "2326"]
[BlackElo "2361"]
[PlyCount "89"]
[EventDate "2021.10.16"]
[EventType "team-tourn"]
[EventRounds "11"]
[EventCountry "SRB"]
[SourceTitle "EXT 2023"]
[Source "ChessBase"]
[SourceDate "2022.10.05"]
[SourceVersion "1"]
[SourceVersionDate "2022.10.05"]
[SourceQuality "1"]
[WhiteTeam "Belgrade Sremcica"]
[BlackTeam "Belgrade Polet"]
[WhiteTeamCountry "SRB"]
[BlackTeamCountry "SRB"]

1. d4 Nf6 2. Nf3 g6 3. c4 Bg7 4. Nc3 d5 5. e3 0-0 6. cxd5 Nxd5 7. Bc4 Nb6 8. Bb3 Na6 9. a4 c5 10. a5 cxd4 11. exd4 Nd7 12. 0-0 Nf6 13. Ne5 Nc7 14. Re1 Be6 15. Bxe6 Nxe6 16. a6 Qc8 17. d5 Nc7 18. axb7 Qxb7 19. Nc6 e6 20. Na5 Qa6 21. Nb3 Qc8 22. dxe6 Nxe6 23. Be3 Rd8 24. Qe2 Nd5 25. Nxd5 Rxd5 26. Ra2 a5 27. Rea1 Qd8 28. g3 a4 29. Qc4 Rd1+ 30. Rxd1 Qxd1+ 31. Kg2 Rb8 32. Nd2 Rd8 33. Ne4 Bd4 34. Bh6 Qb1 35. Nd2 Qe1 36. Qf1 Qxf1+ 37. Nxf1 Nc5 38. Be3 Bxe3 39. Nxe3 Rd2 40. Nc4 Rd4 41. Ne3 f5 42. f3 Ne4 43. Nf1 Rb4 44. Ne3 Rd4 45. Nf1 1/2-1/2

[Event "Rujna Zora GM 5th"]
[Site "Arandjelovac"]
[Date "2021.10.27"]
[Round "6"]
[White "Panic, Nenad"]
[Black "Iniyan, Panneerseluam"]
[Result "0-1"]
[WhiteElo "2326"]
[BlackElo "2529"]
[PlyCount "78"]
[EventDate "2021.10.23"]
[EventType "tourn"]
[EventRounds "9"]
[EventCountry "SRB"]
[EventCategory "6"]
[SourceTitle "CBM 205 Extra"]
[Source "ChessBase"]
[SourceDate "2022.01.31"]
[SourceVersion "1"]
[SourceVersionDate "2022.01.31"]
[SourceQuality "1"]

1. Nf3 Nf6 2. c4 g6 3. b3 Bg7 4. Bb2 0-0 5. e3 d6 6. Be2 e5 7. d3 c5 8. 0-0 Nc6 9. a3 a6 10. Nc3 Rb8 11. Nd2 b5 12. Bf3 Qb6 13. Nd5 Nxd5 14. cxd5 Ne7 15. e4 f5 16. b4 Bd7 17. Nb3 fxe4 18. dxe4 c4 19. Na5 Bh6 20. Bg4 Qc7 21. Bxe5 Bxg4 22. Qxg4 dxe5 23. Qe6+ Rf7 24. d6 Qc8 25. d7 Qc7 26. Rad1 Rd8 27. f4 exf4 28. Rd6 c3 29. Rc1 f3 30. Rc2 Qa7+ 31. Kf1 fxg2+ 32. Kxg2 Qe3 33. Rd3 Qxd3 34. Rf2 Nf5 35. Qe8+ Rf8 36. Qe6+ Kh8 37. exf5 Qxd7 38. Qe5+ Bg7 39. f6 Qg4+ 0-1

[Event "Belgrade-chT Quality"]
[Site "Belgrade"]
[Date "2021.10.17"]
[Round "2.1"]
[White "Vujicic, Mirko"]
[Black "Panic, Nenad"]
[Result "0-1"]
[WhiteElo "2215"]
[BlackElo "2326"]
[PlyCount "82"]
[EventDate "2021.10.16"]
[EventType "team-tourn"]
[EventRounds "11"]
[EventCountry "SRB"]
[SourceTitle "EXT 2023"]
[Source "ChessBase"]
[SourceDate "2022.10.05"]
[SourceVersion "1"]
[SourceVersionDate "2022.10.05"]
[SourceQuality "1"]
[WhiteTeam "Belgrade Zemun"]
[BlackTeam "Belgrade Sremcica"]
[WhiteTeamCountry "SRB"]
[BlackTeamCountry "SRB"]

1. e4 c6 2. d4 d5 3. exd5 cxd5 4. c4 Nf6 5. Nc3 e6 6. Nf3 Be7 7. Bd3 dxc4 8. Bxc4 0-0 9. 0-0 Nbd7 10. Re1 Nb6 11. Bd3 Bd7 12. Ne5 Bc6 13. Nxc6 bxc6 14. Bg5 Nbd5 15. Rc1 Nxc3 16. bxc3 Qa5 17. Re5 Qxa2 18. Bb1 Qa3 19. Bxf6 Bxf6 20. Rc5 Rfc8 21. Be4 Be7 22. Rc4 a5 23. Ra1 Qd6 24. g3 g6 25. Rc5 Bd8 26. Qf3 Ra6 27. Bd3 Ra7 28. Ra4 Bb6 29. Re5 c5 30. dxc5 Rxc5 31. Rxc5 Bxc5 32. Bb5 Qb6 33. Be8 Re7 34. Bc6 Bxf2+ 35. Qxf2 Qxc6 36. Rxa5 Qxc3 37. Rc5 Qa1+ 38. Kg2 Kg7 39. Rc2 Rd7 40. Rb2 Qa8+ 41. Kh3 Rd5 0-1

[Event "Belgrade-chT Quality"]
[Site "Belgrade"]
[Date "2021.10.16"]
[Round "1.1"]
[White "Panic, Nenad"]
[Black "Marinkovic, Slavisa"]
[Result "1/2-1/2"]
[WhiteElo "2326"]
[BlackElo "2381"]
[PlyCount "22"]
[EventDate "2021.10.16"]
[EventType "team-tourn"]
[EventRounds "11"]
[EventCountry "SRB"]
[SourceTitle "EXT 2023"]
[Source "ChessBase"]
[SourceDate "2022.10.05"]
[SourceVersion "1"]
[SourceVersionDate "2022.10.05"]
[SourceQuality "1"]
[WhiteTeam "Belgrade Sremcica"]
[BlackTeam "Belgrade Vodovod"]
[WhiteTeamCountry "SRB"]
[BlackTeamCountry "SRB"]

1. g3 Nf6 2. Bg2 d5 3. Nf3 g6 4. 0-0 Bg7 5. d4 0-0 6. c4 c6 7. cxd5 cxd5 8. Nc3 e6 9. Ne5 Nfd7 10. f4 Nb6 11. b3 Bd7 1/2-1/2

[Event "Arandjelovac IM 3rd"]
[Site "Arandjelovac"]
[Date "2021.04.20"]
[Round "5"]
[White "Ilincic, Zlatko"]
[Black "Panic, Nenad"]
[Result "1/2-1/2"]
[WhiteElo "2409"]
[BlackElo "2327"]
[PlyCount "49"]
[EventDate "2021.04.17"]
[EventType "swiss"]
[EventRounds "10"]
[EventCountry "SRB"]
[SourceTitle "CBM 202 Extra"]
[Source "ChessBase"]
[SourceDate "2021.07.31"]
[SourceVersion "1"]
[SourceVersionDate "2021.07.31"]
[SourceQuality "1"]

1. d4 Nf6 2. c4 e6 3. g3 c5 4. d5 exd5 5. cxd5 d6 6. Nc3 g6 7. Bg2 Bg7 8. Nf3 0-0 9. 0-0 Na6 10. Bf4 Nc7 11. a4 Re8 12. Nd2 Nh5 13. Be3 b6 14. Nc4 Ba6 15. Na3 Qd7 16. Qd2 Bxc3 17. bxc3 Qxa4 18. Bf3 Nf6 19. c4 Qd7 20. Qc3 Qd8 21. Bg5 Re5 22. Bf4 Re8 23. Bg5 Re5 24. Bf4 Re8 25. Bg5 1/2-1/2

[Event "Arandjelovac ASK IM 2nd"]
[Site "Arandjelovac"]
[Date "2021.04.11"]
[Round "3"]
[White "Singh, Ojasva"]
[Black "Panic, Nenad"]
[Result "1-0"]
[WhiteElo "1933"]
[BlackElo "2327"]
[PlyCount "127"]
[EventDate "2021.04.10"]
[EventType "tourn"]
[EventRounds "9"]
[EventCountry "SRB"]
[SourceTitle "CBM 201 Extra"]
[Source "ChessBase"]
[SourceDate "2021.05.31"]
[SourceVersion "1"]
[SourceVersionDate "2021.05.31"]
[SourceQuality "1"]

1. e4 g6 2. d4 Bg7 3. Nf3 d6 4. Be2 Nd7 5. 0-0 c6 6. a4 Qc7 7. Nc3 Ngf6 8. Be3 0-0 9. Nd2 e5 10. dxe5 dxe5 11. Nc4 Ne8 12. Qd2 b6 13. Rfd1 Ndf6 14. Qd8 Qb8 15. f3 Nh5 16. Nd6 Nc7 17. Nxc8 Qxc8 18. Qxc8 Rfxc8 19. Rd6 Ne6 20. Bc4 Nd4 21. Bxd4 exd4 22. Ne2 Rc7 23. c3 Be5 24. Rxd4 Bxd4+ 25. cxd4 Ng7 26. Kf2 Ne6 27. Ke3 Rd8 28. Rc1 Kf8 29. Rd1 Ke7 30. Nc3 Rcd7 31. Ne2 g5 32. g3 a5 33. f4 gxf4+ 34. gxf4 Rg8 35. f5 Nc7 36. Nf4 Rg5 37. Rc1 Ne8 38. Bd3 Nf6 39. Rxc6 Ng4+ 40. Ke2 Rxd4 41. Rxb6 Ne5 42. Nd5+ Kd7 43. Bb5+ Kc8 44. Ba6+ Kd7 45. Bb5+ Kc8 46. Ke3 Rxd5 47. exd5 Rxf5 48. Ke4 Rh5 49. Rf6 Nd7 50. Rxf7 Nc5+ 51. Kd4 Nxa4 52. Bxa4 Rh4+ 53. Kc5 Rxa4 54. b3 Ra1 55. Rxh7 Rc1+ 56. Kb5 Rc3 57. b4 axb4 58. Kxb4 Rc1 59. h4 Kd8 60. h5 Ke8 61. h6 Kf8 62. d6 Rd1 63. d7 Kg8 64. Re7 1-0

[Event "Arandjelovac ASK IM 1st"]
[Site "Arandjelovac"]
[Date "2021.04.07"]
[Round "6"]
[White "Krivenko, Dion"]
[Black "Panic, Nenad"]
[Result "0-1"]
[WhiteElo "2098"]
[BlackElo "2327"]
[PlyCount "92"]
[EventDate "2021.04.03"]
[EventType "tourn"]
[EventRounds "9"]
[EventCountry "SRB"]
[SourceTitle "CBM 201 Extra"]
[Source "ChessBase"]
[SourceDate "2021.05.31"]
[SourceVersion "1"]
[SourceVersionDate "2021.05.31"]
[SourceQuality "1"]

1. e4 c6 2. Ne2 d6 3. d4 Nf6 4. Nbc3 Nbd7 5. Ng3 b5 6. a3 a6 7. Be3 Bb7 8. Be2 Qc7 9. 0-0 e6 10. f4 c5 11. Bf3 cxd4 12. Bxd4 Rd8 13. Qe1 Be7 14. Rd1 e5 15. Be3 g6 16. Rd2 0-0 17. Nd5 Nxd5 18. exd5 f5 19. Bd1 Nf6 20. Qf2 Nxd5 21. Rxd5 Bxd5 22. Bb6 Qc6 23. Bxd8 Bxd8 24. Qd2 exf4 25. Ne2 Bb6+ 26. Nd4 Bxg2 27. Rf2 Bxd4 28. Qxd4 Be4 29. c3 f3 30. Bb3+ d5 31. h4 Rf7 32. Rd2 Rd7 33. Bd1 Qd6 34. Qf2 Qf4 35. Qh2 Qe3+ 36. Qf2 f4 37. Bb3 Kg7 38. Rd1 h6 39. Re1 Qxf2+ 40. Kxf2 g5 41. Rg1 Kf6 42. Bd1 d4 43. hxg5+ hxg5 44. Bxf3 Bxf3 45. Kxf3 dxc3 46. bxc3 Rd3+ 0-1

[Event "Novi Sad TS IM 129th"]
[Site "Novi Sad"]
[Date "2020.02.19"]
[Round "9"]
[White "Dauletova, Gulmira"]
[Black "Panic, Nenad"]
[Result "1/2-1/2"]
[WhiteElo "2233"]
[BlackElo "2321"]
[PlyCount "20"]
[EventDate "2020.02.14"]
[EventType "tourn"]
[EventRounds "11"]
[EventCountry "SRB"]
[SourceTitle "CBM 195 Extra"]
[Source "ChessBase"]
[SourceDate "2020.05.31"]
[SourceVersion "1"]
[SourceVersionDate "2020.05.31"]
[SourceQuality "1"]

1. e4 c5 2. Nf3 d6 3. d4 cxd4 4. Nxd4 Nf6 5. Nc3 e6 6. g4 Nc6 7. g5 Nd7 8. Be3 Be7 9. Rg1 a6 10. Qd2 Qc7 1/2-1/2